Palestínčania, občianska vojna v Libanone a sýrska intervencia (1976)

Úloha Palestínčanov v libanonskom konflikte, ktorému sa najmä oficiálne palestínske najvyššie miesta chceli vyhnúť. Historické a politické udalosti, ktoré viedli k intervencii sýrskej armády do Libanonu v roku 1976.

Salvato in:
Dettagli Bibliografici
Autore principale: Michaľák, Tomáš
Natura: Capitolo di libro
Lingua:slovacco
Soggetti:
Tags: Aggiungi Tag
Nessun Tag, puoi essere il primo ad aggiungerne!!

MARC

LEADER 00000naa a2200000 4500
001 0192858
005 20221020083150.5
041 0 |a slo 
044 |a SK 
245 1 0 |a Palestínčania, občianska vojna v Libanone a sýrska intervencia (1976)  |c Tomáš Michaľák 
520 |a Úloha Palestínčanov v libanonskom konflikte, ktorému sa najmä oficiálne palestínske najvyššie miesta chceli vyhnúť. Historické a politické udalosti, ktoré viedli k intervencii sýrskej armády do Libanonu v roku 1976. 
610 2 0 |a Palestína 
610 2 0 |a Sýria 
610 2 0 |a Libanon 
610 2 0 |a konflikty medzinárodné 
610 2 0 |a politika medzinárodná 
100 1 |a Michaľák, Tomáš